| 000 | 00666cam a22002173a 4500 | ||
|---|---|---|---|
| 001 | 44521 | ||
| 003 | PGUSA | ||
| 005 | 20140828084021.0 | ||
| 008 | 131226s2013||||xxu|||||s|||||000 | eng d | ||
| 040 |
_aPGUSA _beng |
||
| 042 | _adc | ||
| 100 | 1 |
_aAinsworth, William Harrison, _d1805-1882 |
|
| 245 | 1 | 0 |
_aJack Sheppard, Vol. I (of III) : _bA Romance _h[electronic resource] / _cWilliam Harrison Ainsworth |
| 260 |
_bProject Gutenberg, _c2013 |
||
| 506 | _aPublic domain in the USA. | ||
| 516 | _aElectronic text | ||
| 700 | 1 |
_aCruikshank, George, _d1792-1878 |
|
| 830 | 0 |
_aProject Gutenberg _v44521 |
|
| 856 | 4 | 0 | _uhttp://www.gutenberg.org/ebooks/44521 |
| 942 | _cEB | ||
| 999 |
_c273772 _d273772 |
||